[Event "EU-ch 13th"]
[Site "Plovdiv"]
[Date "2012.03.29"]
[Round "9"]
[White "Ali Marandi, Cemil Can"]
[Black "Zaslavsky, Michael"]
[Result "1/2-1/2"]
[WhiteElo "2315"]
[BlackElo "2450"]
[Annotator "Mikhalchishin/Ali Marandi"]
[PlyCount "97"]
[EventDate "2012.03.20"]
[EventType "swiss"]
[EventRounds "11"]
[EventCountry "BUL"]
[SourceTitle "CBM 148"]
[Source "ChessBase"]
[SourceDate "2012.05.16"]
[SourceVersion "1"]
[SourceVersionDate "2012.05.16"]
[SourceQuality "1"]

1. e4 e5 2. Nf3 Nc6 3. Bb5 a6 4. Ba4 Nf6 5. O-O Bc5 6. c3 O-O 7. d4 Ba7 8. Bg5
h6 9. Bh4 exd4 10. cxd4 b5 {I did not expect this move, but it seems like a
quite good one.} ({Other moves:are more popular:} 10... g5 11. Nxg5 (11. Bg3
Nxe4 12. d5 Ne7 13. d6 cxd6 14. Bxd6 Nxd6 15. Qxd6 Nf5 16. Qd3 d6 17. Bc2 g4
18. Nfd2 Qg5 19. Ne4 Qg6 20. Nbc3 Nd4 21. Nd5 Kh8 22. Ne7 Qg7 23. Nxd6 Nxc2 24.
Qxc2 Be6 25. Rfe1 Qf6 26. Nef5 Rad8 {Plaskan,J (2197)-Nabaty,T (2508)/Kemer
2009; and the White pieces are terribly pinned.}) 11... hxg5 12. Bxg5 Bxd4 13.
Nc3 $14 {White gets a better position after some more moves.}) (10... d6 11.
Bxc6 bxc6 12. Nbd2 Re8 13. Qa4 g5 14. Nxg5 $1 hxg5 15. Bxg5 Re6 $146 (15... Rb8
16. Rae1 $16 {Sutovsky-Onischuk, Poikovsky 2010, CT-3496.} Re6 17. e5 dxe5 18.
dxe5 Rxb2 19. Bxf6 Qd4 20. Qa3 Rxf6 21. exf6 Rxd2 22. Re8+ Kh7 23. Rh8+ Kg6 24.
Qg3+ Kxf6 25. Rxc8 Rd3 26. Qg8 {1-0 Sutovsky,E (2661)-Onischuk,A (2699)/
Poikovsky 2010}) 16. f4 $5 (16. e5 dxe5 17. dxe5 Rxe5 18. Qh4 Re6 19. Rae1 Qd4
20. Rxe6 Bxe6 21. Bxf6 Qxh4 22. Bxh4 Bxa2) 16... Qf8 $2 ({More chances promised
} 16... Kg7) 17. f5 {Sutovsky,E (2703)-Nabaty,T (2563)/Caleta ENG 2012; Black
has big problems.}) 11. Bb3 ({It was very tempting to try} 11. e5 bxa4 12. exf6
g5 13. Nxg5 hxg5 14. Bxg5 Nxd4 (14... Bxd4 15. Qg4 Ne5 16. Qxd4 $18) 15. Qh5 (
15. Qg4 d5 $19) 15... d5 16. Bh4 Nf5 17. Rd1 {[%cal Gd1d3]} Qd6 18. g4 (18. Rd3
$2 Qf4 $17) 18... Qf4 19. gxf5 Bxf5 20. Bg3 Qg4 21. Qxg4+ Bxg4 22. Rxd5 Be6 23.
Rg5+ Kh7 24. Nc3 $14) 11... g5 12. Nxg5 $5 ({The retreat is very unambitious:} 
12. Bg3 d6 (12... g4 $2 13. Bh4 $1 $18) 13. e5 dxe5 14. dxe5 (14. Qc2 Ne7 15.
Bxe5 Bf5 $13) 14... Qxd1 15. Rxd1 Nh5 16. Nc3 Na5 17. Bc2 Be6 18. Nd5 Nxg3 19.
hxg3 Rad8 20. Nf6+ (20. Nxc7 Rc8 21. Nxe6 Bxf2+ $1 22. Kh2 fxe6 $11) 20... Kg7
21. g4 {[%cal Gf3h2,Gh2f1,Gf1g3,Gc2f5]} Nc6 22. Be4 Nd4 23. Bd5 $11 (23. Nh2 $2
Ne2+ 24. Kf1 Bc4 $17)) 12... hxg5 13. Bxg5 Bxd4 $8 {Otherwise Black is worse.}
(13... d6 14. e5 $1 dxe5 15. Qc2 $1 $18 {[%csl Gg8][%cal Rc2c6,Rc2g6]}) 14. Nc3
Qe8 (14... Re8 15. Nd5 Re6 16. a4 $1 $14 {White gets a big advantage after
some lines.}) (14... Kg7 15. Re1 {[%cal Gc3d5]} Re8 16. Nd5 Re6 $8 17. Rc1 Bxb2
18. e5 Bxe5 19. Rxe5 Nxe5 20. Nxf6 Rxf6 21. Qd5 Rc6 22. Bxd8 Rxc1+ 23. Bd1 d6
24. Bxc7 Be6 25. Qxd6 $13) 15. Nd5 Nh7 (15... Nxe4 16. Bh6 $16) (15... Nxd5 16.
exd5 {[%csl Rc6,Rd4]}) 16. Bh6 (16. Nxc7 Qe5 17. Bh6 Qxc7 18. Qg4+ Kh8 19. Bxf8
Nxf8 (19... d6 20. Qh5 (20. Qh4) 20... Be6 21. Bh6 Bxb2 22. Rab1 Be5 23. Be3
$13) (19... Bb7 20. Bh6 Rg8 21. Qf5 Ne7 22. Qf3 Qc6 23. Rad1 Bxb2 24. Bxf7 Qxh6
25. Bxg8 Nxg8 26. Rxd7 Bc6 27. Ra7 Ng5 28. Qe3 Bxe4 29. Rd1 Be5 $13) 20. Bxf7
Ne7 $8 21. e5 $1 (21. Qh4+ Kg7 22. Qxe7 Bf6 $19) 21... Bxe5 (21... Qxe5 22.
Rae1 $18) 22. Qh4+ Kg7 23. Qxe7 Bxh2+ (23... Bf6 24. Qe4 $13) 24. Kh1 Bd6 25.
Qg5+ Kxf7 26. Qd5+ Kg7 27. Rad1 (27. Qxa8 Bb7 28. Qe8 Qc5 $17) 27... Bb7 28.
Qxd6 Qxd6 29. Rxd6 Bc6 30. Re1 $13) 16... Qe5 17. Qg4+ Kh8 18. Bxf8 Nxf8 19.
Kh1 ({It is better to complete the mobilisation of the pieces:} 19. Rad1 d6 20.
Qf3 Qg7 21. Ne3 Bxe3 22. Qxe3 Bd7 23. f4 $14) 19... d6 20. Qe2 (20. Qh4+ {
was no worse:} Kg7 (20... Nh7) 21. f4 Qxe4 22. Nxc7 Ra7 23. Rae1 Qh7 24. Ne8+
Kh8 25. Qxh7+ Kxh7 26. Nxd6 Be6 27. Bxe6 fxe6 28. Re2 $14) 20... Qg7 21. Rac1 (
21. Rad1 Bg4 22. f3 Bd7 23. Nxc7 Ra7 24. Nd5 Ne6 25. f4 Nc5 26. f5 Be5 27. Rf3
Kg8 28. Bc2 a5 29. Rh3 $14) 21... Bd7 22. Nxc7 Ra7 (22... Rc8 23. Nxa6 {
[%csl Gb5][%cal Re2b5]}) 23. Nd5 Ne6 (23... Bxb2 24. Rcd1 Bd4 25. Rd3 {[%cal
Gd3g3]} Ra8 26. f4 {[%cal Gf4f5,Gd3h3]} Nh7 27. Rg3 Qh6 28. a4 $1 $14) 24. Rcd1
Nc5 25. Bc2 Bxb2 26. Qh5+ Kg8 (26... Qh7 27. Qg5 Ne6 28. Qd2 Qh5 29. f4 Bg7 30.
Rde1 $13) 27. Qh4 Kf8 28. f4 Qh8 29. Qg3 Qg7 30. Qe1 Bg4 31. Rd2 Be6 32. Rf3 {
[%cal Gf3g3]} Bxd5 $2 ({Correct was} 32... Qh6 33. Bb1 {[%cal Gd2b2]} (33. Rg3
Bxd5 34. exd5 (34. Rxd5 Qxf4 $17) 34... Re7 $15) 33... Ba1 $13) 33. Rxd5 Nd4 $2
$138 34. Qh4 $1 Nde6 35. e5 $1 Ke8 36. Rg3 Qf8 37. exd6 (37. Bh7 $1 Qe7 38.
Rg8+ Nf8 39. Qf2 $18 {[%csl Rb2][%cal Ge5d6]}) 37... Kd7 38. f5 Kc6 39. Be4 $2
$138 ({A very simple solution was} 39. fxe6 Kxd5 40. d7 Nxe6 41. d8=Q+ Nxd8 42.
Qe4+ Kc5 43. Qe3+ Bd4 44. Rg5+ f5 45. Qa3+ b4 46. Rxf5+ Qxf5 47. Qa5+ $18)
39... Nxe4 40. Qxe4 Nc5 41. Qf3 (41. Rxc5+ Kxc5 42. Qc2+ Kb6 43. Qxb2 (43. Qf2+
Kb7 44. Qxb2 Qxd6 45. Qe2 $16) 43... Qxd6 44. Qf2+ Qc5 45. Rf3 $13 (45. Qxc5+
Kxc5 46. h4 Kd4 $13)) 41... Bf6 42. Rg4 $2 ({It was necessary to try to open
the position of the black king:} 42. a4 $1 Nxa4 (42... Kb6 43. a5+ $18 (43. Qf2
)) (42... Rd7 43. Rd1+ Kb6 44. a5+ Ka7 45. Qc6 $18) (42... Ra8 43. Re5+ Kxd6 (
43... Kb6 44. a5+ $18) 44. Qd5+ Kc7 45. Rc3 Bxe5 46. Rxc5+ Kb6 47. Qc6+ Ka7 48.
axb5 Rd8 49. Qxa6+ Kb8 50. Qb6+ Ka8 51. Qa5+ Kb7 52. Rxe5 Rd1+ 53. Re1 Qa3 54.
Qa6+ $1 $18) (42... bxa4 43. Rg4 $1 $18 {[%cal Gd5e5,Gg4b4]}) 43. Rxb5+ $1 Kxb5
44. Qd5+ Nc5 45. Rb3+ $18) 42... Rd7 43. Rb4 $2 ({Even now} 43. a4 {was good:}
Qc8 (43... Rxd6 44. Re5+ Kb6 45. a5+ Kxa5 46. Rxc5 Qd8 47. Rc1 Rd3 48. Qe2 $16)
44. axb5+ axb5 45. Rb4 Rxd6 46. Rd1+ Kc7 47. Rxd6 (47. Rxb5 Rxd1+ 48. Qxd1 Qxf5
$11) 47... Kxd6 48. Rxb5 $16) 43... Rxd6 44. Rxd6+ Kxd6 45. Rb1 Kc7 46. Rd1 Qe7
47. Qd5 Kb6 48. Qd6+ Ka5 49. Qd2+ 1/2-1/2

[Event "Corus"]
[Site "Wijk aan Zee"]
[Date "2006.01.21"]
[Round "7"]
[White "Topalov, Veselin"]
[Black "Sokolov, Ivan"]
[Result "1-0"]
[WhiteElo "2801"]
[BlackElo "2689"]
[Annotator "Mikhalevski,V"]
[PlyCount "73"]
[EventDate "2006.01.14"]
[EventType "tourn"]
[EventRounds "13"]
[EventCountry "NED"]
[EventCategory "19"]
[SourceTitle "CBM 111"]
[Source "ChessBase"]
[SourceDate "2006.04.04"]
[SourceVersion "1"]
[SourceVersionDate "2006.04.04"]
[SourceQuality "1"]

1. e4 e5 2. Nf3 Nc6 3. Bb5 a6 4. Ba4 Nf6 5. O-O b5 6. Bb3 Bc5 7. a4 Rb8 8. c3
O-O 9. d4 Bb6 10. axb5 axb5 11. dxe5 {This move is starting to come into
fashion.} ({A fresh game of a young FIDE candidate saw} 11. Re1 d6 12. Be3 (12.
Bg5 $5) 12... Bg4 13. Na3 ({White could also try, which however doesn't seen
to promise an advantage.} 13. d5 Bxe3 14. Rxe3 Ne7 15. h3 $13) 13... exd4 (
13... b4 $1 14. Nb5 (14. Nc4 bxc3 15. bxc3 exd4 16. cxd4 Bxd4 $1 17. Bxd4 Bxf3
$1 $17) 14... Na5 $1 $15) 14. cxd4 Re8 15. Nxb5 Nxe4 16. Nc3 $11 {1/2-1/2
Carlsen,M-Nielsen,P/Aalborg DEN 2006 (38)}) ({The main line} 11. Na3 d6 12.
Nxb5 Bg4 {Dominguez,L-Rodriguez,A/ CBM109[Erenburg]. leads to an interesting
position with compensation for the sacrificed pawn.}) 11... Ng4 12. Na3 $146 {
This novelty is an attempt to revive the line with 11.dxe5, but as it was
proven by Anand(see below) Black develops very dangerous initiative after 12...
Ncxe5!} ({In two recent games} 12. Bf4 {proved to be not sufficient for
advantage.} Qe8 (12... Qe7 $5 13. Qd5 Bb7 14. Qxb5 Ba8 15. Qc4 Ncxe5 16. Bxe5
Nxe5 17. Nxe5 Qxe5 18. Nd2 Kh8 19. Nf3 Qf4 20. Rae1 Rbe8 {1/2-1/2 Smirin,
I-Kamsky,G/Khanty Mansyisk RUS 2005/The Week in Chess 578}) 13. Nd4 Ngxe5 14.
Nxb5 d6 15. Ba4 Bg4 16. Qc2 f5 17. Nd2 Qg6 {1/2-1/2 Svidler,P-Khalifman,A/
Moscow RUS 2005/ (41) and Black obtained a dangerous initiative.}) 12... Qe8 $6
{When we know Anand's idea any alternative looks dubious, however this time
this is the objective evaluation of the move.} ({Only few days later Vishy put
White's idea under a big question with} 12... Ncxe5 $1 13. h3 d6 $1 {The
brilliant piece sacrifice was probably missed by Topalov in his home
preparation and so he decided to decline it with} 14. Qe2 {and after series of
exchanges an equal position arose.} Nxf3+ 15. Qxf3 Ne5 16. Qg3 Be6 17. Bxe6
fxe6 18. Nxb5 Rxf2 19. Rxf2 Bxf2+ 20. Qxf2 Rxb5 21. Qe2 Rb8 22. Bf4 Qf6 23. Rf1
$11 {1/2-1/2 Topalov,V-Anand,V/Wijk aan Zee NED 2006.}) 13. Nd4 $1 Ngxe5 ({
Probably Black had to play more agressively} 13... Ncxe5 14. Naxb5 d6 {leaving
the knight on g4.}) 14. Naxb5 d6 15. Ba4 $1 {The reason to capture with the
queen knight on e5.} Bd7 16. b3 $1 {White has stabilized position on the
queenside and if Black shows no counterplay in the nearest future White's
extra pawn will play its role.} Ne7 {Sokolov is trying to avoid exchanges and
thus to exploit "stuck" White's pieces on the queenside.} ({In case of} 16...
Qe7 {[%cal Ge7h4] White prevents Black's counterplay by means of} 17. Qd2 $1
Qh4 18. Qf4) 17. Kh1 d5 {Black opens the centre to exploit his better placed
pieces, but...} (17... f5 {is not better in view of} 18. exf5 Nxf5 19. Nxf5
Rxf5 20. Nd4 Rf8 21. f4 Ng4 22. Qf3 $16) 18. f4 Ng4 ({In case of} 18... N5c6
19. f5 $1 $16 {[%cal Gf5f6] is very unpleasant.}) 19. e5 $1 {White keeps the
position close.} f6 20. h3 $1 Nxe5 $6 {A desperate attempt to obtain
counterplay, which is however objectively unsound. Topalov proves it without
big efforts.} ({After} 20... fxe5 21. hxg4 exd4 22. Nxd4 Bxa4 23. Rxa4 Qf7 24.
f5 $16 {Black has no compensation for a pawn. Still it was objectively better
than the game.}) 21. fxe5 fxe5 22. Rxf8+ Qxf8 23. Nf3 e4 24. Ne5 $18 Bxh3 {
The very last try to complicate matters.} 25. gxh3 Qf5 {[%csl Rh3]} 26. Ng4 h5
27. Nh2 {White keeps his extra pieces.} Qxh3 28. Bg5 $1 {Topalov defends his
king with the most natural moves.} Nf5 {[%cal Gf5g3]} 29. Qxd5+ Kh8 30. Bf4 $1
{[%csl Rg3] Covering the g3-square.} Bf2 $5 {[%cal Gf5g3,Gf2g3] Despite his
inventive play Sokolov can't save the game.} ({Doesn't help} 30... h4 31. Qxe4
Ng3+ 32. Bxg3 hxg3 33. Qg2 Qh4 34. Nd4 $1 Rf8 35. Rg1 $1 $18) 31. Ra2 $1 {
[%csl Re2,Rh2] Veselin is precise to the end.} Bg3 ({or} 31... Ng3+ 32. Bxg3
Bxg3 {[%cal Gg3h2]} 33. Qf7 $1 $18 {[%csl Rf1]}) 32. Bxg3 Nxg3+ 33. Kg1 {
Now the e2-squared is covered. So} Rf8 {[%cal Gg3f1] It seems that Black
achieved something, but White is just in time to parry Black's threats.} 34.
Nd4 $1 {[%csl Rh3][%cal Ga4d7] Eventually White brings his sleeping extra
pieces from the queenside and decides the game in his favour.} c5 ({or} 34...
Nf1 35. Bd7 $1 $18 {and white king finds a safe place on h1.}) ({Black could
win a queen with} 34... Rf1+ 35. Nxf1 Qh1+ 36. Kf2 e3+ 37. Nxe3 Ne4+ {, but
after} 38. Qxe4 Qxe4 39. Bc6 $18 {White obtains too many pieces for it.}) 35.
Bd7 $1 Qh4 ({Black could win a queen once again with} 35... Rf1+ $1 36. Nxf1
Qh1+ 37. Kf2 e3+ $1 38. Nxe3 Ne4+ $1 39. Qxe4 $1 Qxe4 40. Nf3 $18 {But at the
end White is completely winning.}) 36. Ne6 $1 Rf1+ $1 {The very last practical
chance.} 37. Kg2 $1 {Avoiding unnecessary complications. Black's attack has
come to its logical end and so Sokolov resigned. Bravo Topalov!} (37. Nxf1 $2 {
would allow some counterplay, although after} Qh1+ 38. Kf2 Qf3+ 39. Ke1 Qxf1+
40. Kd2 Qe2+ 41. Kc1 Qxa2 42. Qxc5 Qa1+ 43. Kd2 Qb2+ 44. Ke3 Qe2+ 45. Kf4 Qf3+
46. Ke5 {White escapes the checks and eventually win anyway.}) 1-0

[Event "Corus-B"]
[Site "Wijk aan Zee"]
[Date "2006.01.19"]
[Round "5"]
[White "Carlsen, Magnus"]
[Black "Beliavsky, Alexander G"]
[Result "1-0"]
[WhiteElo "2625"]
[BlackElo "2626"]
[Annotator "Mikhalevski,V"]
[PlyCount "39"]
[EventDate "2006.01.14"]
[EventType "tourn"]
[EventRounds "13"]
[EventCountry "NED"]
[EventCategory "15"]
[SourceTitle "CBM 111"]
[Source "ChessBase"]
[SourceDate "2006.04.04"]
[SourceVersion "1"]
[SourceVersionDate "2006.04.04"]
[SourceQuality "1"]

1. e4 e5 2. Nf3 Nc6 3. Bb5 a6 4. Ba4 Nf6 5. O-O b5 6. Bb3 Bb7 7. d3 Bc5 8. Nc3
(8. a4 d6 9. Nc3 {leads to the same position.}) 8... d6 9. a4 Na5 {Already
this move is very uncommon, although it may transpose to 9...b4 10.Ne2.} (9...
b4 {is the main line.} 10. Ne2 {[%cal Ge2g3]} (10. Nd5 {is a more popular
continuation. Here is a relatively recent example.} Na5 11. Nxf6+ Qxf6 12. Ba2
Bc8 (12... h6 13. c3 bxc3 14. bxc3 O-O 15. Be3 Rad8 16. Rb1 Bc8 17. Qe2 Be6 $6
18. h3 $14 {Kasparov,G-Anand,V, PCA World Championship/CBM 49[Benjamin,J].})
13. h3 Rb8 14. c3 b3 15. Bb1 O-O 16. d4 Bb6 17. d5 Qg6 18. Nh4 Qf6 19. Nf5 c6 {
1/2-1/2 Khairullin,I-Riazantsev,A/Kazan RUS 2005/The Week in Chess 566}) 10...
O-O ({Now} 10... Na5 11. Ba2 {transposes to the text.}) 11. a5 $5 {Preventing
Na5.} (11. Ng3 Na5 12. Ba2 Bc8 13. c3 bxc3 14. bxc3 Bb6 15. Bg5 $1 h6 16. Bh4
$1 Bg4 17. h3 Bxf3 18. Qxf3 g5 19. Nf5 (19. Nh5 $1 Nxh5 20. Qxh5 gxh4 21. Qg6+
Kh8 22. Qxh6+ Kg8 23. Kh1 $1 $40) 19... gxh4 20. Nxh6+ $13 {1-0 De Firmian,
N-Lugo,B/San Diego USA 2004/The Week in Chess 525 (44)}) 11... Ne7 (11... d5 $5
) 12. Be3 Ng6 13. Bxc5 dxc5 14. Ng3 Bc8 15. Qe1 Be6 16. Bxe6 fxe6 17. Nd2 $14 {
[%cal Gd2c4] 1-0 Anand,V-Hector,J/Middelfart DEN 2003/The Week in Chess 439 
(65)}) 10. Ba2 b4 (10... c6 $6 {is dubious. In the following game White
brilliantly exploited a misplaced knight on a5.} 11. Bd2 O-O 12. Ne2 bxa4 $2
13. Qe1 $1 Bb6 14. b4 $1 axb3 15. Bb1 $1 Nc4 16. dxc4 b2 17. Ra2 Nxe4 18. Rxb2
$16 {1-0 Savon,V-Bronstein,D/Odessa 1974/EXT 99 (40)}) 11. Ne2 Bc8 {[%cal
Gc8e6] Although a typical idea by itself it had never been tested yet in the
current position. From c8 Black brings the bishop to e6, covering on the way
the f5-square.} ({Earlier Black played} 11... Rb8 {with the idea to meet 12.c3
with b3.} 12. Ng3 (12. c3 b3 $5) 12... O-O (12... Bc8 13. d4 exd4 14. Nxd4 O-O
15. Bg5 h6 16. Bf4 Bxd4 17. Qxd4 b3 18. Bxb3 Nxb3 19. cxb3 Rxb3 20. Rac1 $14 {
1/2-1/2 Rodriguez Cespedes,A-Diaz,J/Mexico 1991/TD}) 13. Bg5 {[%cal Gg3h5]} h6
14. Bh4 $5 (14. Be3 Bxe3 15. fxe3 Bc8 16. Qe1 c6 17. Nd2 Be6 18. Bxe6 fxe6 19.
Qe2 Qb6 20. Rf3 Qc5 $15 {1/2-1/2 Perez Perez,A-Ilczuk,J/ICCF Email 2003/ICCF
Telechess CBM 102 (26)}) 14... g6 $6 15. Qd2 Kh7 $1 (15... Kg7 16. d4 exd4 17.
Nxd4 Bxd4 18. Qxd4 Nc6 19. Qe3 $16 {1/2-1/2 Rayner,F-Ledger,D/Telford ENG 2003/
The Week in Chess 429 (35)}) 16. d4 Bxd4 17. Nxd4 exd4 {[%csl Rh4][%cal Gf6e4]}
18. Rfe1 Nc6 19. f3 g5 20. Nf5 $1 Bc8 21. Bf2 Bxf5 22. exf5 $14 {[%csl Rd4]
1-0 Dijon,J-Johansson,S/ICCF Email 2002/ICCF Telechess CBM 98 (40)}) (11... b3
$6 12. Bxb3 (12. Qe1 $5 {[%csl Ra5]}) 12... Nxb3 13. cxb3 h6 14. Ng3 (14. Be3
$5) 14... O-O 15. Be3 Bxe3 16. fxe3 $16 {1-0 Hagarova,Z-Skripchenko,A/Halle
1995/EXT 97 (47)}) 12. c3 {[%cal Gd3d4]} bxc3 13. bxc3 Bb6 {Otherwise 14. d4
with a tempo.} 14. Ng3 Be6 $6 {Black shouldn't have left his king in the
centre.} (14... O-O {, which was necessary would transpose to De Firmian,
N-Lugo,B/San Diego 2004. See above.}) 15. d4 $1 $16 {White is much better
prepared for opening of the position.} Bxa2 $6 {ANother unfortunate decision.
I believe Black had to leave the bishop on e6 at least to cover the f5-square.}
(15... O-O) 16. Rxa2 O-O 17. Bg5 $1 {[%cal Gg3h5] This pin turns out to be
very annoying. White has two extra pieces in attack.} exd4 $2 {This careless
move leads to a disaster. Beliavsky has definitely underestimated the threats.}
(17... h6 {was necessary, but after} 18. Bh4 $1 {Black's position is already
dangerous anyway. F.e.} exd4 (18... Nc6 {is not better.} 19. Nh5 $1 {[%csl Rf6]
} (19. Nf5 $5) 19... g5 20. Nxg5 $1 Nxh5 21. Qxh5 hxg5 22. Bxg5 f6 23. Bh6 $16
{and again White has a huge advantage thanks to a vulnerable position of
Black's king.}) 19. Nh5 (19. cxd4 $5 {[%cal Gg3h5]} Re8 (19... g5 20. Nxg5 hxg5
21. Bxg5 $18 {[%cal Gg3h5]}) (19... c5 20. Nh5 g5 21. Nxg5 Nxh5 22. Qxh5 hxg5
23. Bxg5 f6 24. Qg6+ Kh8 25. Ra3 $1 $18 {[%csl Rh8][%cal Ga3h3]}) 20. Qc1 {
[%cal Gg3h5]} (20. Nh5 $5 Rxe4 21. Bxf6 gxf6 22. Nd2 {[%cal Gd1f3]} Rxd4 23.
Qf3 f5 24. Ng3 $40 {[%cal Gg3f5]}) 20... Nb3 21. Qe3 Nxd4 22. Nxd4 Bxd4 23.
Qxd4 g5 24. f3 $1 gxh4 25. Nf5 $18 {and despite material equality White has a
decisive advantage.}) 19... g5 20. Nxg5 Nxh5 21. Qxh5 hxg5 22. Bxg5 f6 (22...
Qd7 $4 23. Bf6 {[%cal Gh5h8]}) 23. Bh6 Qe8 24. Qg4+ Kf7 25. Bxf8 Kxf8 26. cxd4
$16 {[%csl Rf8] and White has a clear advantage since Black king has no refuge.
}) 18. Nh5 $1 $18 {This strong, but rather obvious move decides the game.
Black's position is already defenseless.} dxc3 19. Nh4 $1 {[%csl Rg7][%cal
Gh4f5] Magnus knows to attack. The knight comes to f5 with devastating
consequences for Black.} Kh8 20. Nf5 {[%csl Rf6,Rg7] Black resigned as he
can't protect neither the g7-pawn nor the knight on f6. I don't remember that
such an experienced GM as Beliavsky loses so quickly. Bravo, Magnus!} (20. Nf5
Nc6 21. Nfxg7 Bd4 22. Nf5 Rg8 23. Bh4 $1 Be5 (23... Rg4 24. Bxf6+ Bxf6 25. Qxg4
$18) 24. f4 $18 {and Black loses all his pieces.}) 1-0